Т. 1; Эстетика. Философия. Критика

Bibliographic Details
Parent link:Эстетика. Философия. Критика: в 2 томах/ Ф. Шлегель. Т. 1.— , 1983-
Language:Russian
Published: 1983
Subjects:
Format: Book
KOHA link:https://koha.lib.tpu.ru/cgi-bin/koha/opac-detail.pl?biblionumber=63207

MARC

LEADER 00000nam0a2200000 4500
001 63207
005 20231031064131.0
035 |a (RuTPU)RU\TPU\book\67089 
035 |a RU\TPU\book\20689 
090 |a 63207 
100 |a 20040505d1983 m y0rusy50 ca 
101 1 |a rus  |c ger 
102 |a RU 
105 |a y z 000zy 
200 0 |a Т. 1 
210 |d 1983 
215 |a 480 с.  |c портр. 
461 |t Эстетика. Философия. Критика  |o в 2 томах   |o пер. с нем.  |f Ф. Шлегель  |v Т. 1  |d 1983-  |s История эстетики в памятниках и документах 
610 1 |a эстетика 
610 1 |a история 
610 1 |a 19 век 
610 1 |a искусство 
610 1 |a философия 
610 1 |a литература 
610 1 |a критика 
610 1 |a язык 
610 1 |a слово 
686 |a Ю8  |v LBC/SL-A  |2 rubbk 
686 |a Ю3(4г)5  |v LBC/SL-A  |2 rubbk 
801 0 |a RU  |b 63413507  |c 20011209  |g PSBO 
801 2 |a RU  |b 63413507  |c 20060928  |g PSBO 
942 |c BK